| 000 | 01251nac a22003491i 4500 | ||
|---|---|---|---|
| 003 | EG-ScBUE | ||
| 005 | 20240530120215.0 | ||
| 008 | 240530t2001 nyu f b 001 0 eng d | ||
| 020 | _a9780231123235 | ||
| 020 | _a023112323X (pbk. : alk. paper) | ||
| 040 |
_aEG-ScBUE _beng _erda _cEG-ScBUE _dEG-ScBUE |
||
| 082 | 0 | 4 |
_a956.95043 _bMAS _222 |
| 100 | 1 |
_aMassad, Joseph Andoni, _eauthor. |
|
| 245 | 1 | 0 |
_aColonial effects : _bthe making of national identity in Jordan / _cJoseph A. Massad. |
| 264 | 1 |
_aNew York : _bColumbia University Press, _c[2001] |
|
| 264 | 4 | _cc2001 | |
| 300 |
_axiv, 396 pages ; _c24 cm |
||
| 336 |
_2rdacontent _atext _btxt |
||
| 337 |
_aunmediated _2rdamedia _bn |
||
| 338 |
_avolume _bnc _2rdacarrier |
||
| 500 | _aRevision of author's thesis. | ||
| 504 | _aIncludes bibliographical references and index. | ||
| 650 | 7 |
_aNational state. _2BUEsh |
|
| 650 | 7 |
_aNational characteristics, Jordanian. _2BUEsh |
|
| 650 | 7 |
_aPostcolonialism _zJordan. _2BUEsh |
|
| 650 | 7 |
_aCulture and law. _2BUEsh |
|
| 651 | 7 |
_aJordan _xPolitics and government _y20th century. _2BUEsh |
|
| 651 | 7 |
_aJordan _xEthnic relations. _2BUEsh |
|
| 651 | 7 |
_aJordan _xArmed Forces _xPolitical activity. _2BUEsh |
|
| 655 | _vReading book | ||
| 942 |
_cBB _2ddc |
||
| 999 |
_c8534 _d8534 |
||